01570nam a2200361 a 4500001001000000003000500010005001700015008004100032010001100073011001100084040000900095090001000104100004800114245015700162260004200319500006000361502010500421590004100526590004000567590004000607590004000647650002900687650002100716650004500737700003800782856007000820901000700890942001000897942000600907999001900913952014000932952013601072000111197CHAP20220329144202.0150115s2014 mx a fsm |||||||spa d a107659 a108631 cCHAP aTesis1 aGutiérrez Gutiérrez, Josué J.912901713aLa actividad del tlapatlalo en el mercado municipal de San Sebastiánh[En línea]cpor Josué J. Gutiérrez Gutiérrez y Fernando Guzmán Correo. aZinacatepec, Pue. :bEl autor,c2014. aPara ver el contenido del material haga clic en la liga aTesis (Ing. Agr. Esp. en Zonas Tropicales) -- UACH. Dirección de Centros Regionales Universitarios aE11695DGDb10c20150122lUCH01h1208 aE6096MTMb05c20150115lUCH01h1457 aE6096MTMb05c20150119lUCH01h1057 aE6096MTMb05c20150119lUCH01h111214aMercadosxPuebla.97493514aNegocios.98069614aPueblaxCondiciones económicas.9928701 aGuzmán Correo, Fernando9129018 aFinding aiduhttp://10.13.5.2/tesis/sist111197.pdfzTeclea aquí aBK cTESIS n0 c107659d107659 00102local4053708TESISaBCbBCcPA_TESISd2015-01-19fTESISl0oTesisp33724002439553r2019-12-31 00:00:00tc.2w2019-12-31yTESIS 00104054718TESISaBCbBCd2015-01-19fTESISl0oTesisp33724002439595r2019-12-31 00:00:00w2019-12-31yTESISzRecien adquirido